000 00599nam a2200193Ia 4500
003 GCL
008 140319s9999 xx 000 0 ara d
040 _aGCL /
_cGCL
082 0 4 _a189.09
_bع ف
100 1 _aعفت الشرقاوى
245 1 0 _aفى فلسفة الحضارة الاسلامية /
_cعفت الشرقاوى
260 _a[S.N] :
_bدار النهضة العربية ،
_c1985
300 _a458 ص
490 _a
650 0 4 _aالفلسفة الاسلامية
650 0 4 _aالتاريخ الاسلامى
650 0 4 _aالحضارة الاسلامية
942 _2ddc
_cBK
999 _c37148
_d37148